01092nam a2200301 a 4500008004100000020001800041041000800059100002000067245010200087250001100189260003500200300001200235500013900247653001900386653003000405653002500435653002700460653002600487653002500513653002500538653004200563653004400605653002200649653002100671653004200692653003100734653002500765130729s2011 ag ||||| |||| 00| 0 spa d a9788496921924 aspa1 aPorth, Carol M. aFundamentos de Fisiopatología.bAlteraciones de la salud. Conceptos básicos /cCarol M. Porth a3a ed. aBarcelona:bLippincott;c2011. a1256 p. aPorth, C. M. (2011). Fundamentos de fisiopatología. Alteraciones de la salud. Conceptos básicos. (3a ed.). Barcelona : Lippincott. aFisiopatologia aFuncion celular y tisular aFunciones corporales aFuncion hematopoyetica aInfeccion e inmunidad aFuncion circulatoria aFuncion respiratoria aRiñon y funcion del tracto urinario aFuncion gastrointestinal y hepatobiliar aSistema endocrino aSistema nervioso aFuncion genitourinaria y reproductiva aFuncion musculoesqueletica aFuncion tegumentaria